Cartes Pokémon - Extensions du bloc XY - Statistiques

Statistiques générales
  • Ce quiz a été pris 27 fois
  • Le résultat moyen est 10 sur 15
Statistiques - réponses
Date de sortie Extension % Correct
22 février 2014 XY
96%
19 novembre 2016 XY Évolutions
84%
07 novembre 2015 XY Impulsion TURBO
80%
20 août 2016 XY Offensive Vapeur
80%
22 août 2015 XY Origines Antiques
80%
23 août 2014 XY Poings Furieux
80%
06 février 2016 XY Rupture TURBO
76%
21 février 2015 XY Primo-Choc
72%
08 novembre 2014 XY Vigueur Spectrale
72%
27 mai 2014 XY Étincelles
68%
23 mai 2015 XY Ciel Rugissant
64%
19 mars 2016 Générations
60%
07 mai 2016 XY Impact des Destins
60%
08 novembre 2013 XY Bienvenue à Kalos
32%
22 août 2015 Double Danger
28%
Aucun quiz correspondant
Distribution des résultats
% des personnes avec chaque résultat
Percentile par nombre de réponses
Votre historique - résultats
Vous n’avez pas pris ce quiz